A galeria Delcorso / (Record no. 104)

MARC details
000 -LÍDER
campo de controle de tamanho fixo 01885nam a2200301 4500
001 - NÚMERO DE CONTROLE
campo de controle 104
003 - IDENTIFICADOR DO NÚMERO DE CONTROLE
campo de controle OSt
005 - DATA E HORÁRIO DA ÚLTIMA TRANSAÇÃO
campo de controle 20250528074012.0
008 - CAMPO DE DADOS FIXOS--INFORMAÇÃO GERAL
campo de controle de tamanho fixo 250127b |||||||e |||| 00| 1 eng d
040 ## - FONTE DA CATALOGAÇÃO
Idioma da catalogação por
041 ## - CÓDIGO DE IDIOMA
Código do idioma do original e/ou traduções intermediárias do texto eng
Código do idioma do texto/trilha sonora ou título diferente por
082 ## - CDD - CLASSIFICAÇÃO DECIMAL DE DEWEY
Número de Classificação 813
Número do exemplar C255g
100 1# - ENTRADA PRINCIPAL--NOME PESSOAL
Nome pessoal Caputo, Philip
Datas associadas ao nome 1941-
9 (RLIN) 227
240 ## - TÍTULO UNIFORME
Título uniforme Delcorso´s gallery
245 ## - TÍTULO
Título A galeria Delcorso /
Indicação de responsabilidade, etc. Caputo, Philip ; Tradução de Reinaldo Guarany e Luisa Ibañez
260 ## - PUBLICAÇÃO, DISTRIBUIÇÃO, ETC.
Local de publicação, distribuição, etc. São Paulo
Nome do editor, distribuidor, etc. Círculo do Livro
Data da publicação, distribuição, etc. 1987
300 ## - DESCRIÇÃO FÍSICA
Extensão 374 p.
520 ## - NOTA DE RESUMO, ETC.
Resumo, etc. Um romance clássico sobre o Vietnã e suas consequências de Philip Caputo, cujo livro de memórias vencedor do Prêmio Pulitzer, A Rumor of War, é amplamente considerado um dos melhores já escritos sobre a experiência da guerra.<br/><br/>Aos trinta e três anos, Nick DelCorso é um premiado fotógrafo de guerra que viu ação e desviou de balas em todo o mundo - mais notavelmente no Vietnã, onde serviu como fotógrafo do Exército e registrou cenas de combate cujos horrores ainda não desapareceram de sua memória. Quando ele é chamado de volta ao Vietnã em missão durante uma tentativa norte-vietnamita de tomar Saigon, ele se depara com uma definição: ele deve honrar o compromisso que fez com sua esposa de não se colocar em mais perigo pelo bem de sua carreira, ou seguir sua ambição de volta para a terra devastada pela guerra que ainda assombra seus sonhos? O que se segue é uma história fascinante de guerra em duas frentes, Saigon e Beirute, que testará a fé de DelCorso não apenas em si mesmo, mas nos instintos mais nobres dos homens.
650 #0 - ASSUNTO--TERMO TÓPICO
Cabeçalho tópico ou nome geográfico Literatura Americana
9 (RLIN) 84
650 #0 - ASSUNTO--TERMO TÓPICO
Cabeçalho tópico ou nome geográfico Guerra
9 (RLIN) 30
650 #0 - ASSUNTO--TERMO TÓPICO
Cabeçalho tópico ou nome geográfico Drama
9 (RLIN) 18
650 #0 - ASSUNTO--TERMO TÓPICO
Cabeçalho tópico ou nome geográfico Experiência de vida
9 (RLIN) 188
655 #0 - TERMO DE ÍNDICE--GÊNERO E FORMA
Gênero/forma/ou termo foco Romance
655 #0 - TERMO DE ÍNDICE--GÊNERO E FORMA
Gênero/forma/ou termo foco Ficção
700 ## - ENTRADA ADICIONADA - NOME PESSOAL
Nome pessoal Reinaldo Guarany
Função do autor por extenso Tradutor
9 (RLIN) 228
700 ## - ENTRADA ADICIONADA - NOME PESSOAL
Nome pessoal Luisa Ibañez
Função do autor por extenso Tradutor
9 (RLIN) 229
942 ## - ELEMENTOS DE ENTRADA ADICIONADOS (KOHA)
Fonte de classificação ou esquema de arquivamento Classificação decimal de Dewey
Ocultar no OPAC Não
Tipo de material Koha Livros
Holdings
Situação do descarte Situação das perdas Fonte de classificação ou esquema de arquivamento Status danificado Não pode ser emprestado Coleção Biblioteca de origem Biblioteca atual Localização na estante Data de aquisição Fonte de aquisição Total de empréstimos Número de chamada completo Código de barras Data de último acesso Data do preço efetivo Tipo de material Koha
    Classificação decimal de Dewey     Ficção Biblioteca Professor Eduardo Afonso de Castro Biblioteca Professor Eduardo Afonso de Castro Literatura Estrangeira 23.05.2017 doação   813 / C255g 2025-15615 27.01.2025 27.01.2025 Livros

Powered by Koha